Quick Pick: Type of Topographic Feature Quiz Stats

 Plays Quiz Updated Jul 30, 2016

Challenge
Share
Tweet
Embed
Score 0/12 Timer 01:00
2 Plays Today
% Correct
continent
94.5%
desert
92.9%
mountain
86.8%
ocean
86.8%
peninsula
82.7%
sea
78.8%
swamp|wetland
78.6%
river
68.8%
plateau
67.4%
strait
54.5%
island
48.4%
lake
47.3%

Today's Daily Dose

Missing Word
Hayao Miyazaki

Word Ladder
Florida

On This Day
December 13th II

You're not logged in!

Compare scores with friends on all Sporcle quizzes.
OR
Log In

You Might Also Like...

Show Comments

Extras

Top Quizzes Today


Score Distribution

Your Account Isn't Verified!

In order to create a playlist on Sporcle, you need to verify the email address you used during registration. Go to your Sporcle Settings to finish the process.

Report this User

Report this user for behavior that violates our Community Guidelines.

Details: